Most Common Platinum Trophies - Statistics

General Stats
  • This quiz has been taken 718 times
  • The average score is 15 of 50
Answer Stats
Number of Achievers Percentage Game % Correct
365,000 42.63% Marvel's Spider-Man
90%
102,000 18.79% God of War (2005)
79%
261,000 27.48% God of War (2018)
79%
140,000 47.57% Marvel's Spider-Man Miles Morales
61%
141,000 19.91% Ratchet & Clank (2016)
57%
116,000 17.00% Uncharted Drake's Fortune
54%
105,000 14.45% Uncharted Drake's Fortune Remastered
54%
281,000 28.20% Horizon Zero Dawn
52%
86,000 46.67% God of War Ragnarok
46%
199,000 48.04% Astro's Playroom
45%
133,000 95.06% My Name is Mayo
45%
163,000 38.77% Ghost of Tsushima
43%
202,000 21.63% Bloodborne
41%
177,000 57.15% Batman The Telltale Series
34%
109,000 26.72% The Last of Us Part II
34%
142,000 14.77% Uncharted 2 Among Thieves
34%
92,000 17.91% Uncharted 2 Among Thieves Remastered
34%
97,000 9.47% Uncharted 3 Drake's Deception
34%
82,000 17.53% Uncharted 3 Drake's Deception Remastered
34%
100,000 9.42% Uncharted 4 a Thief's End
33%
98,000 10.41% Infamous
32%
147,000 46.93% The Walking Dead Telltale Games Series
32%
97,000 71.79% The Walking Dead Telltale Games Series
32%
108,000 59.26% Ratchet and Clank Rift Apart
31%
121,000 12.04% Minecraft
29%
120,000 14.92% God of War III Remastered
26%
91,000 23.61% God of War II
24%
235,000 26.46% Infamous Second Son
23%
95,000 44.62% Spyro the Dragon
23%
171,000 23.11% Assassin's Creed 2
22%
234,000 17.85% Rocket League
21%
109,000 24.53% Assassin's Creed Origins
18%
131,000 26.07% Days Gone
18%
138,000 50.45% Tales from the Borderlands Telltale Games Series
18%
82,000 16.21% Far Cry 3
17%
91,000 15.28% Far Cry 4
16%
96,000 16.58% Infamous 2
16%
139,000 32.58% Life is Strange
16%
99,000 27.55% Assassin's Creed Odyssey
15%
98,000 49.24% Sly Cooper and the Thevius Raccoonus
13%
104,000 16.55% Until Dawn
13%
137,000 45.84% Game of Thrones Telltale Games Series
12%
115,000 22.52% Infamous First Light
12%
83,000 10.92% Fallout 4
11%
97.000 24.05% Need for Speed
9%
92,000 7.43% Call of Duty Modern Warfare 2
8%
93,000 25.55% Far Cry Primal
8%
108,000 13.88% Resident Evil 5
7%
87,000 29.27% Nier Automata
4%
136,000 34.39% The Order 1886
4%
No matching quizzes found
Score Distribution
Percent of People with Each Score
Percentile by Number Answered
Your Score History
You have not taken this quiz